Kontury państw obu Ameryk (Bardzo Trudne +) - Statystyki

Ogólne statystyki
  • Ten quiz został rozwiązany 45 razy
    14 od ostatniego zresetowania
  • Średni wynik to 19 z 57
Statystyki odpowiedzi
Obrazkowy Odpowiedź % Poprawnych
Brazylia
71%
Chile
71%
Kuba
71%
Argentyna
57%
Belize
57%
Gujana
57%
Gwatemala
57%
Jamajka
57%
Kolumbia
57%
Meksyk
57%
Nikaragua
57%
Panama
57%
Paragwaj
57%
Boliwia
43%
Dominikana
43%
Ekwador
43%
Grenada
43%
Kostaryka
43%
Peru
43%
Saint Lucia
43%
Stany Zjednoczone
43%
Urugwaj
43%
Wenezuela
43%
Antigua i Barbuda
29%
Bahamy
29%
Barbados
29%
Dominika
29%
Grenlandia
29%
Haiti
29%
Honduras
29%
Kanada
29%
Salwador
29%
Surinam
29%
Trynidad i Tobago
29%
Anguilla
14%
Aruba
14%
Bermudy
14%
Bonaire
14%
Brytyjskie Wyspy Dziewicze
14%
Curaçao
14%
Falklandy
14%
Gujana Francuska
14%
Gwadelupa
14%
Kajmany
14%
Martynika
14%
Montserrat
14%
Portoryko
14%
Saba
14%
Saint-Barthélemy
14%
Saint Kitts i Nevis
14%
Saint-Martin
14%
Saint-Pierre i Miquelon
14%
Saint Vincent i Grenadyny
14%
Sint Eustatius
14%
Sint Maarten
14%
Turks i Caicos
14%
Wyspy Dziewicze Stanów Zjednoczonych
14%
Nie znaleziono quizów pasujących do podanych kryteriów
Rozkład punktacji
Procent ludzi z każdym wynikiem
Percentyl według liczby udzielonych odpowiedzi
Twoja historia wyników
Nie rozwiązałeś tego quizu od ostatniego zresetowania